Retos y aprendizajes sobre el ser mujer en la comunidad: Mujeres de Valle las Rosas
محفوظ في:
| مؤلف مشترك: | |
|---|---|
| مؤلفون آخرون: | , , , , , , , , , , |
| التنسيق: | غير معروف |
| اللغة: | Spanish |
| منشور في: |
Costa Rica :
Vicerrectoría de Acción Social, UCR
|
| سلاسل: | Autonocmineto a travéd e la imagen de la s mujeres trabajadoras bananeras
|
| الوسوم: |
إضافة وسم
لا توجد وسوم, كن أول من يضع وسما على هذه التسجيلة!
|
MARC
| LEADER | 00000 a2200000 04500 | ||
|---|---|---|---|
| 001 | 49415 | ||
| 003 | cru CIDCACS/IIS | ||
| 005 | 20190429085720.0 | ||
| 008 | 050706s2014 cr spa d | ||
| 999 | |c 12001 |d 12001 | ||
| 020 | |a [Pendiente] | ||
| 022 | |a [Pendiente] | ||
| 040 | |c cru CIDCACS/IIS | ||
| 090 | |a 05.03.07 R438r | ||
| 110 | |a Universidad de Costa Rica | ||
| 245 | |a Retos y aprendizajes sobre el ser mujer en la comunidad: |b Mujeres de Valle las Rosas | ||
| 260 | |a Costa Rica : |b Vicerrectoría de Acción Social, UCR | ||
| 440 | |a Autonocmineto a travéd e la imagen de la s mujeres trabajadoras bananeras | ||
| 700 | |a Morales Mora, Grace Cristina | ||
| 700 | |a Varela Porras, Hellen Estrella | ||
| 700 | |a Sequeira Morales, Selena María | ||
| 700 | |a Espinoza Guido, Lucía Verónica | ||
| 700 | |a Espinoza Guido, Yendry Melissa | ||
| 700 | |a Arias Mora, Iraida María | ||
| 700 | |a Barrantes Jiménez Carol | ||
| 700 | |a Hawi Castañeda, Wilca | ||
| 700 | |a Corrales Mora, María José | ||
| 700 | |a Martínez Gómez, Sandra | ||
| 700 | |a Rodríguez Walton, Laura | ||
| 942 | |2 ddc |c LI | ||
